Realidad de la fusion / (Record no. 160460)
[ view plain ]
| 000 -LEADER | |
|---|---|
| campo de control de longitud fija | 00917nam a2200217 i 4500 |
| 001 - NÚMERO DE CONTROL | |
| campo de control | 160460 |
| 003 - IDENTIFICADOR DE NÚMERO DE CONTROL | |
| campo de control | ES-MaACL |
| 005 - FECHA Y HORA DE LA ÚLTIMA TRANSACCIÓN | |
| campo de control | 20240228150952.0 |
| 008 - DATOS DE LONGITUD FIJA--INFORMACIÓN GENERAL | |
| campo de control de longitud fija | 990908s1872 sp |||| | spa d |
| 040 ## - FUENTE DE CATALOGACIÓN | |
| Centro catalogador/agencia de origen | EUS |
| Lengua de catalogación | spa |
| Centro/agencia transcriptor | EUS |
| 100 1# - ENTRADA PRINCIPAL--NOMBRE DE PERSONA | |
| Nombre de persona | Múzquiz, Joaquín María. |
| 9 (RLIN) | 130310 |
| 245 10 - MENCIÓN DEL TÍTULO | |
| Título | Realidad de la fusion / |
| Mención de responsabilidad, etc. | apuntes de D. Joaquin Maria Muzquiz, diputado á Cortes. |
| 260 ## - PUBLICACIÓN, DISTRIBUCIÓN, ETC. | |
| Lugar de publicación, distribución, etc. | [S.l. : |
| Nombre del editor, distribuidor, etc. | s.n.], |
| Fecha de publicación, distribución, etc. | 1872 ( |
| Lugar de fabricación/manufactura | Madrid : |
| Fabricante | Imprenta de A. Gomez Fuentenebro...) |
| 300 ## - DESCRIPCIÓN FÍSICA | |
| Extensión | 16 p. ; |
| Dimensiones | 22 cm. |
| 530 ## - NOTA DISPONIBLE DE FORMULARIO FÍSICO ADICIONAL | |
| Nota de formato físico adicional disponible | Disponible en formato digital. |
| 650 04 - PUNTO DE ACCESO ADICIONAL DE MATERIA--TÉRMINO DE MATERIA | |
| Término de materia o nombre geográfico como elemento de entrada | Carlismo. |
| 9 (RLIN) | 10781 |
| 651 #0 - PUNTO DE ACCESO ADICIONAL DE MATERIA--NOMBRE GEOGRÁFICO | |
| Nombre geográfico | España- |
| Subdivisión general | Historia- |
| Subdivisión cronológica | 1872-1876, Guerra carlista |
| 9 (RLIN) | 179965 |
| 852 ## - LOCALIZACIÓN | |
| Ubicación | ES-MaACL |
| Nota libre | Fol-Laf-315 |
| -- | -- Rúst. |
| -- | -- Legado de Modesto de la Fuente |
| Encuadernación | -- Edic.: añadir T651 España-Historia-Restauración-Fuentes |
| 856 ## - LOCALIZACIÓN Y ACCESO ELECTRÓNICOS | |
| Identificador Uniforme de Recursos | <a href="http://bdh-rd.bne.es/viewer.vm?id=0000079985&page=1 ">http://bdh-rd.bne.es/viewer.vm?id=0000079985&page=1 </a> |
| Nota pública | Biblioteca Digital Hispánica |
| Estatus retirado | Estado de pérdida | Estado de daño | No para préstamo | Colección | Biblioteca de origen | Biblioteca actual | Ubicación en estantería | Fecha de adquisición | Fuente de adquisición | Total de préstamos | Signatura topográfica completa | Código de barras | Visto por última vez | Precio de reemplazo | Tipo de ítem Koha |
|---|---|---|---|---|---|---|---|---|---|---|---|---|---|---|---|
| Colección de folletos | Biblioteca del Ateneo de Madrid | Biblioteca del Ateneo de Madrid | Depósito folletos | 17/01/2008 | Fol-Laf-315 | 1168015 | 23/02/2023 | 23/02/2023 | Folleto |
